| 000 | 00000nam 2200000zi 4500 |
| 001 | 9.947291 |
| 003 | CaOODSP |
| 005 | 20250123110114 |
| 006 | m o d f |
| 007 | cr mn||||||||| |
| 008 | 250123e198107 onc|||| o f000 0 fre d |
| 040 | |aCaOODSP|bfre|erda|cCaOODSP |
| 043 | |an-cn---|an-us--- |
| 086 | 1 |aId35-18/1981F-PDF |
| 245 | 00|aÉquipement de bord pour navires de pêche : |bl'accès aux marchés de la côte ouest américaine / |cpréparé par Frank Orth & Associates Inc. |
| 264 | 1|a[Ottawa] : |bMinistère de l'Industrie et du Commerce, |cjuillet 1981. |
| 300 | |a2 volumes |
| 336 | |atexte|btxt|2rdacontent/fre |
| 337 | |ainformatique|bc|2rdamedia/fre |
| 338 | |aressource en ligne|bcr|2rdacarrier/fre |
| 500 | |aÉdition numérisée de l'imprimé [par Innovation, sciences et développement économique Canada]. |
| 500 | |aPublié aussi en anglais sous le titre : On-board fishing vessel equipment : accessing U.S. west coast markets. |
| 500 | |aEn tête du titre : Études du marché des États-Unis. |
| 505 | 0 |a[v. 1]. Résumé à l'intention de la Direction -- [v. 2]. Rapport. |
| 650 | 6|aBateaux de pêche|zCanada|xAppareils et matériel. |
| 650 | 6|aBateaux de pêche|zÉtats-Unis|xAppareils et matériel. |
| 650 | 6|aÉtudes de marché|zÉtats-Unis. |
| 710 | 1 |aCanada. |bMinistère de l'industrie et du commerce, |eorganisme de publication. |
| 710 | 2 |aFrank Orth & Associates, |eauteur, |eorganisme de publication. |
| 775 | 08|tOn-board fishing vessel equipment : |w(CaOODSP)9.940611 |
| 856 | 40|qPDF|s805 Ko|uhttps://publications.gc.ca/collections/collection_2025/isde-ised/Id35-18-1981-1-fra.pdf|z[v. 1]. Résumé à l'intention de la Direction |
| 856 | 40|qPDF|s2.88 Mo|uhttps://publications.gc.ca/collections/collection_2025/isde-ised/Id35-18-1981-2-fra.pdf|z[v. 2]. Rapport |